Poesía-poesía / (Record no. 151076)

MARC details
000 -LEADER
campo de control de longitud fija 00515nam a2200169 i 4500
001 - NÚMERO DE CONTROL
campo de control 151076
003 - IDENTIFICADOR DE NÚMERO DE CONTROL
campo de control ES-MaACL
005 - FECHA Y HORA DE LA ÚLTIMA TRANSACCIÓN
campo de control 20230906203827.0
007 - CAMPO FIJO DE DESCRIPCIÓN FÍSICA--INFORMACIÓN GENERAL
campo de control de longitud fija t|
008 - DATOS DE LONGITUD FIJA--INFORMACIÓN GENERAL
campo de control de longitud fija 071204q19401949ve ||||1| spa d
100 1# - ENTRADA PRINCIPAL--NOMBRE DE PERSONA
Nombre de persona Aristeguieta, Jean.
9 (RLIN) 22855
245 10 - MENCIÓN DEL TÍTULO
Título Poesía-poesía /
Mención de responsabilidad, etc. por Jean Aristeguieta.
260 ## - PUBLICACIÓN, DISTRIBUCIÓN, ETC.
Lugar de publicación, distribución, etc. Caracas :
Nombre del editor, distribuidor, etc. [s.n.,
Fecha de publicación, distribución, etc. 194-?]
300 ## - DESCRIPCIÓN FÍSICA
Extensión 12 p. ;
Dimensiones 23 cm.
500 ## - NOTA GENERAL
Nota general Suplemento al número 84 de la revista: "Lírica Hispana", Caracas - Venezuela.
852 ## - LOCALIZACIÓN
Ubicación ES-MaACL
Número de control de estantería 1914-F-15
Sublocalización o colección R.29844
Holdings
Estatus retirado Estado de pérdida Estado de daño No para préstamo Colección Biblioteca de origen Biblioteca actual Ubicación en estantería Fecha de adquisición Fuente de adquisición Total de préstamos Signatura topográfica completa Código de barras Visto por última vez Precio de reemplazo Tipo de ítem Koha
        Colección de folletos Biblioteca del Ateneo de Madrid Biblioteca del Ateneo de Madrid Depósito folletos 17/01/2008     1914-F-15 1157646 23/02/2023 23/02/2023 Folleto